| 000 | 00870nac a22002537a 4500 | ||
|---|---|---|---|
| 001 | BR4300160 | ||
| 003 | BR-BrBNA | ||
| 005 | 20240108113032.0 | ||
| 008 | 230509b bl.|||m| |||| 00| 0 por d | ||
| 040 |
_aBR-BrBNA _bpor _cBiblioteca Nacional de Agricultura |
||
| 072 | _aA00 | ||
| 090 |
_aA00 _bBR4300160 |
||
| 110 | 1 | _aSecretaria da Agricultura, Industria e Comercio do Estado de Sao Paulo, Sao Paulo (Brasil) | |
| 245 | 1 | _aRelatorio 1941 [Secretaria da Agricultura, Industria e Comercio do Estado de Sao Paulo, Brasil] | |
| 260 | 3 |
_aSao Paulo, SP (Brasil): _c1943. |
|
| 300 | _a379 p. | ||
| 490 | _aRelatorio - Secretaria da Agricultura, Industria e Comercio do Estado de Sao Paulo (Brazil) | ||
| 650 | _aINDUSTRIA AGRICOLA | ||
| 650 | _aCOMERCIALIZACAO | ||
| 650 | _aPESQUISA AGRICOLA | ||
| 650 | _aENSINO | ||
| 650 | _aSAO PAULO | ||
| 942 |
_2AGRIS _n0 _cMS |
||
| 999 |
_c260517 _d260517 |
||